000 00403nam a2200157 i 4500
001 96619
003 ES-MaACL
005 20230906181940.0
007 t|
008 050629s1918 xxk ||||1| eng d
100 1 _aMallock, W. H.
_975819
245 1 4 _aThe limits of pure democracy /
_cW. H. Mallock.
250 _a3ยช ed.
260 _aLondon :
_bChapman and Hall,
_c1918.
852 _aES-MaACL
_jC-1480
999 _c96619
_d96619